| 000 | 00513nam a2200217Ia 4500 | ||
|---|---|---|---|
| 005 | 20250425162445.0 | ||
| 008 | 250425s9999 xx 000 0 und d | ||
| 020 | _a1851660399 | ||
| 041 | _aeng | ||
| 082 | _a574.5263 | ||
| 245 | 0 | _aPOLLUTION THREAT OF HEAVY METALS IN AQUATIC ENVIRONMENTS | |
| 250 | _aS.E. | ||
| 260 | _aLONDON | ||
| 260 |
_aReino Unido _bELSEVIER _c1987 |
||
| 300 | _a372 | ||
| 650 | _aAMBIENTE | ||
| 650 | _aCONTAMINACION | ||
| 650 | _aECOLOGIA | ||
| 942 | _c01 | ||
| 010 | _a75420 | ||
| 999 |
_c229604 _d229604 |
||